Pays ayant le plus fort taux de prévalence du VIH - Statistiques

Statistiques générales
  • Ce quiz a été pris 161 fois
  • Le résultat moyen est 14 sur 20
Statistiques - réponses
Taux de prévalence (en %) Pays % Correct
3,1 République du Congo
92%
18,9 Afrique du Sud
87%
12,3 Mozambique
78%
13,5 Zimbabwe
78%
4,7 Tanzanie
77%
5,4 Kenya
76%
13,8 Namibie
75%
21,9 Botswana
74%
25,0 Lesotho
74%
6,5 Ouganda
74%
12,4 Zambie
74%
3,1 Rwanda
73%
27,2 Eswatini
72%
3,6 Gabon
72%
3,8 Cameroun
71%
9,2 Malawi
67%
4,0 République centrafricaine
67%
6,2 Guinée équatoriale
62%
3,1 Guinée-Bissau
45%
3,3 Bahamas
5%
Aucun quiz correspondant
Distribution des résultats
% des personnes avec chaque résultat
Percentile par nombre de réponses
Votre historique - résultats
Vous n’avez pas pris ce quiz